000 00450nam a22001697a 4500
003 OSt
008 150622b xxu||||| |||| 00| 0 fre d
100 1 _aGodinas, Francois
041 _afre
245 1 0 _aCatalogue de poste aerienne de Luxembourg
260 _aLuxembourg
_bBy The Author,
300 _a0 pages
650 0 _aLuxembourg (1852-)
650 0 _aAir Mail
650 0 _aCatalogs and Price Lists
700 1 _aFr. Godinas [et] Ray. Thill. --
999 _c1613
_d1613